Zdobení dortů

Other Authors: Babor, Michal
Language: Czech
Published: Praha : Svojtka & Co., 2013
Edition: 1. české vyd.
Series: Malá sladká edice
Subjects:
Physical Description: 240 s. : barev. il. ; 16 cm
Book
Saved in:
LEADER 01400cam a2200445 a 4500
001 nkc20132508054
003 CZ PrNK
005 20140204084134.0
007 ta
008 131004s2013 xr a e 001 0 cze d
015 |a cnb002508054 
020 |a 978-80-256-1156-2  |q (váz.) 
035 |a (OCoLC)870287328 
040 |a ULG001  |b cze  |d ABA001 
041 1 |a cze  |h ger 
072 7 |a 641  |x Kuchařství. Potraviny. Vařená jídla  |2 Konspekt  |9 19 
080 |a 641.85  |2 MRF 
080 |a 663.916.5  |2 MRF 
080 |a (083.12)  |2 MRF 
245 0 0 |a Zdobení dortů 
250 |a 1. české vyd. 
260 |a Praha :  |b Svojtka & Co.,  |c 2013 
300 |a 240 s. :  |b barev. il. ;  |c 16 cm 
490 1 |a Malá sladká edice 
500 |a Z němčiny přeložil Michal Babor 
500 |a Obsahuje rejstřík 
650 0 7 |a dorty  |7 ph114352  |2 czenas 
650 0 7 |a zdobení cukrářských výrobků  |7 ph216298  |2 czenas 
650 0 9 |a cakes  |2 eczenas 
650 0 9 |a cake decorating  |2 eczenas 
655 7 |a kuchařské recepty  |7 fd132687  |2 czenas 
655 9 |a cookbooks  |2 eczenas 
700 1 |a Babor, Michal  |7 xx0016517  |4 trl 
765 0 |t Originelle Motivtorten  |9 Česky 
830 0 |a Malá sladká edice  |0 s 
910 2 |a BOA001  |b 1-1316.418 
990 |a BK 
995 |a 01 
991 |b 201402  |c NOV  |e n 
996 6 |b 2610575856  |c 1-1316.418  |l MZK  |r Sklad / do 1 hodiny  |n 2  |p p.v.  |w 001392872  |u 000010  |a 1  |e BOA001  |j MZK50  |s P